000 01784cam a22002054a 4500
005 20250605164035.0
008 250528s ||||||||||||||||||||||||d
035 _a16774
020 _a194311473
040 _aGR-AtMCL
_bgre
_dGR-AtMCL
_eAACR2
245 1 _aOxford English-Greek Learner's Dictionary
260 _bOxford University Press,
_c1977
300 _a842
520 _aΛήμματα, Γραμμή που Δείχνει ότι το Λήμμα αλλάζει σα Μέρος του Λόγου, Αρίθμηση των Λημμάτων που Γράφονται Ίδια, Διπλασιασμός Συμφώνων, Πολυάριθμες Παραδειγματικές Φράσεις και Προτάσεις, Παράγωγα και Σύνθετες Λέξεις και Ιδιωματισμοί με Μαύρα Στοιχεία, Διάκριση των Ουσιασατικών σε Αριθμήσιμα και μη Αριθμήσιμα, Διαίρεση των Λέξεων σε Συλλαβές, Συγκριτικός και Υπερθετικός, Παραπομπή σε Άλλα Λήμματα, Η Προφορά με Φωνητικά Σύμβολα, Μέρη του Λόγου, Καλολογικές Βραχυβραχίες, Ανώμαλα Ρήματα με Φωνητική Μεταγραφή της Προφοράς τους, Ιδαίτερη Καταχώριση των Περιφραστικών Ρημάτων, Σημασιολογική Αρίθμηση, Τονισμός των Σύνθετων Λέξεων, Ανώμαλοι Πληθυντικοί με Φωνητική Μεταγραφή της Προφοράς τους.
700 1 _aHornby A.S
_92864
700 1 _aStavropoulos D.N
_92865
942 _cBK
999 _c2239
_d2239